Loading...
| Science - Other | 0 | 4 | 0 | 1 | 40 | 55 | 97.00 | 0 | 1 | 8.47 | 22.64 |
| Philosophy | 0 | 4 | 2 | 0 | 30 | 50 | 68.75 | 2 | 3 | 16.98 | 31.00 |
| Literature - European | 0 | 2 | 0 | 1 | 20 | 90 | 113.50 | 0 | 0 | 4.04 | 7.36 |
| Social Science | 0 | 1 | 0 | 0 | 10 | 112 | 112.00 | 0 | 1 | 0.43 | 7.27 |
| Literature - World | 0 | 1 | 0 | 0 | 10 | 49 | 49.00 | 0 | 0 | 6.17 | 7.27 |
| Fine Arts - Painting and Sculpture | 0 | 1 | 0 | 0 | 10 | 72 | 72.00 | 0 | 1 | 4.19 | 9.09 |
| History - World | 0 | 1 | 0 | 1 | 10 | 132 | 132.00 | 0 | 0 | 0.00 | 2.00 |
| Mythology | 0 | 0 | 1 | 0 | -5 | 0.00 | 0 | 0 | 0.00 | 0.00 | |
| Fine Arts - Other | 0 | 0 | 1 | 0 | -5 | 0.00 | 0 | 0 | 0.00 | 0.00 | |
| Science - Physics | 0 | 0 | 1 | 0 | -5 | 0.00 | 0 | 0 | 0.00 | 0.00 |